<?xml version="1.0" encoding="UTF-8"?>
<record
    xmlns:xsi="http://www.w3.org/2001/XMLSchema-instance"
    xsi:schemaLocation="http://www.loc.gov/MARC21/slim http://www.loc.gov/standards/marcxml/schema/MARC21slim.xsd"
    xmlns="http://www.loc.gov/MARC21/slim">

  <leader>01070nam a22002657a 4500</leader>
  <controlfield tag="003">OSt</controlfield>
  <controlfield tag="005">20151016132401.0</controlfield>
  <controlfield tag="008">130604s2008    sp ||||| |||| 00| 0 spa d</controlfield>
  <datafield tag="020" ind1=" " ind2=" ">
    <subfield code="a">9788498501155</subfield>
  </datafield>
  <datafield tag="040" ind1=" " ind2=" ">
    <subfield code="c">CDMR</subfield>
  </datafield>
  <datafield tag="100" ind1="1" ind2=" ">
    <subfield code="9">3644</subfield>
    <subfield code="a">Mart&#xED; Centellas, Joan</subfield>
    <subfield code="d">1832-1902</subfield>
  </datafield>
  <datafield tag="245" ind1=" " ind2=" ">
    <subfield code="a">Joan Mart&#xED;, fot&#xF2;graf</subfield>
    <subfield code="b">: belleses del XIX</subfield>
    <subfield code="c">[textos, Rafel Torrella, David Iglesias]</subfield>
  </datafield>
  <datafield tag="260" ind1=" " ind2=" ">
    <subfield code="a">Barcelona</subfield>
    <subfield code="b">Arxiu fotogr&#xE0;fic de l'Arxiu Hist&#xF2;ric de Barcelona</subfield>
  </datafield>
  <datafield tag="260" ind1=" " ind2=" ">
    <subfield code="b">Institut de Cultura de Barcelona</subfield>
  </datafield>
  <datafield tag="260" ind1=" " ind2=" ">
    <subfield code="b">Imatge i Prodicci&#xF3;</subfield>
    <subfield code="c">2008</subfield>
  </datafield>
  <datafield tag="300" ind1=" " ind2=" ">
    <subfield code="a">254 p.</subfield>
    <subfield code="b">il. fot.</subfield>
  </datafield>
  <datafield tag="500" ind1=" " ind2=" ">
    <subfield code="a">Cat&#xE0;leg de l'exposici&#xF3; "Joan Mart&#xED;, fot&#xF2;graf. Belleses del XIX", celebrada del 23 d'octubre de 2008 al 31 de gener de 2008</subfield>
  </datafield>
  <datafield tag="600" ind1="1" ind2=" ">
    <subfield code="9">3644</subfield>
    <subfield code="a">Mart&#xED; Centellas, Joan</subfield>
    <subfield code="d">1832-1902</subfield>
  </datafield>
  <datafield tag="650" ind1="0" ind2="4">
    <subfield code="9">3145</subfield>
    <subfield code="a">Fotografia</subfield>
    <subfield code="x">Exposicions</subfield>
  </datafield>
  <datafield tag="700" ind1="1" ind2=" ">
    <subfield code="9">3645</subfield>
    <subfield code="a">Torrella, Rafel</subfield>
  </datafield>
  <datafield tag="700" ind1="1" ind2=" ">
    <subfield code="9">3646</subfield>
    <subfield code="a">Iglesias, David</subfield>
  </datafield>
  <datafield tag="710" ind1="2" ind2=" ">
    <subfield code="9">3217</subfield>
    <subfield code="a">Arxiu Hist&#xF2;ric de la Ciutat (Barcelona, Catalunya)</subfield>
    <subfield code="b"> -- Arxiu Fotogr&#xE0;fic</subfield>
  </datafield>
  <datafield tag="710" ind1="2" ind2=" ">
    <subfield code="9">3218</subfield>
    <subfield code="a">Institut de Cultura (Barcelona, Catalunya)</subfield>
  </datafield>
  <datafield tag="942" ind1=" " ind2=" ">
    <subfield code="2">udc</subfield>
    <subfield code="c">MON</subfield>
  </datafield>
  <datafield tag="999" ind1=" " ind2=" ">
    <subfield code="c">6393</subfield>
    <subfield code="d">6393</subfield>
  </datafield>
  <datafield tag="952" ind1=" " ind2=" ">
    <subfield code="0">0</subfield>
    <subfield code="1">0</subfield>
    <subfield code="4">0</subfield>
    <subfield code="7">0</subfield>
    <subfield code="a">CDMR</subfield>
    <subfield code="b">CDMR</subfield>
    <subfield code="d">2013-01-16</subfield>
    <subfield code="l">0</subfield>
    <subfield code="o">Dk</subfield>
    <subfield code="p">CDMR13066606</subfield>
    <subfield code="r">2013-06-04</subfield>
    <subfield code="w">2013-06-04</subfield>
    <subfield code="y">MON</subfield>
  </datafield>
</record>
